LEADER 00971nam0 2200301 450 001 9910272559103321 005 20180620104231.0 010 $a978-88-8402-740-5 100 $a20180620d2011----km y0itay50 ba 101 1 $aita$cfre 102 $aIT 105 $a 001yy 200 1 $aAdriano$fYves Roman$gTraduzione di Marianna Matullo 210 $aRoma$cSalerno Editrice$d2011 215 $a465 p.$cill.$d24 cm 225 1 $aProfili. Nuova serie$v54 300 $aIn copertina: L'imperatore di eccezionale ingegno e cultura che, coniugando l'Ellenismo con la tradizione romana, consoliḍ il dominio di Roma sul mondo. 610 0 $aAdriano 676 $a937.07092$v21$zita 700 1$aRoman,$bYves$0476648 702 1$aMatullo,$bMarianna 801 0$aIT$bUNINA$gREICAT$2UNIMARC 901 $aBK 912 $a9910272559103321 952 $aCOLLEZ. 1598 (54)$b958/2018$fFSPBC 959 $aFSPBC 996 $aHadrien$952303 997 $aUNINA LEADER 03738nam 2200649Ia 450 001 9910782261503321 005 20230617010504.0 010 $a1-281-80272-7 010 $a9786611802721 010 $a0-567-20782-X 035 $a(CKB)1000000000542283 035 $a(EBL)436513 035 $a(OCoLC)276782626 035 $a(SSID)ssj0000192443 035 $a(PQKBManifestationID)12030227 035 $a(PQKBTitleCode)TC0000192443 035 $a(PQKBWorkID)10197800 035 $a(PQKB)11180334 035 $a(MiAaPQ)EBC436513 035 $a(Au-PeEL)EBL436513 035 $a(CaPaEBR)ebr10250965 035 $a(CaONFJC)MIL180272 035 $a(OCoLC)893334235 035 $a(EXLCZ)991000000000542283 100 $a20030123d2003 uy 0 101 0 $aeng 135 $aur|n|---||||| 181 $ctxt 182 $cc 183 $acr 200 00$a"Like a bird in a cage"$b[electronic resource] $ethe invasion of Sennacherib in 701 BCE /$fedited by Lester L. Grabbe 210 $aLondon ;$aNew York, NY $cSheffield Academic Press$dc2003 215 $a1 online resource (369 p.) 225 1 $aEuropean seminar in historical methodology ;$v4 225 1 $aJournal for the study of the Old Testament. Supplement series ;$v363 300 $a"A Continuum imprint." 300 $aArticles from a meeting of the European Seminar on Methodology in Israel's History held in Utrecht, August, 2000. 311 $a0-8264-6215-4 320 $aIncludes bibliographical references (p. 324-346) and indexes. 327 $aContents; Abbreviations; List of Contributors; Part I: INTRODUCTION; Introduction; Part II: ARTICLES; Chronology: A Skeleton without Flesh? Sennacherib's Campaign as a Case-Study; Malleability and its Limits: Sennacherib's Campaign against Judah as a Case-Study; This Is What Happens...; Of Mice and Dead Men: Herodotus 2.141 and Sennacherib's Campaign in 701 BCE; 701: Sennacherib at the Berezina; On the Problems of Reconstructing Pre-Hellenistic Israelite (Palestinian) History; Sennacherib's Campaign of 701 BCE: The Assyrian View 327 $aUpdating the Messages: Hezekiah's Second Prophetic Story (2 Kings 19.9b-35) and the Community of Babylonian DeporteesClio in a World of Pictures-Another Look at the Lachish Reliefs from Sennacherib's Southwest Palace at Nineveh; Part III: CONCLUSIONS; Reflections on the Discussion; Bibliography; Index of References; Index of Authors; A; B; C; D; E; F; G; H; I; J; K; L; M; N; O; P; R; S; T; U; V; W; Y; Z 330 $aWhat makes one crime more serious than another, and why? This book investigates the problem of ""seriousness of offence"" in English law from the comparative perspective of biblical law. Burnside takes a semiotic approach to show how biblical conceptions of seriousness are synthesised and communicated through various descriptive and performative registers. Seven case studies show that biblical law discriminates between the seriousness of different offences and between the relative seriousness of the same offence when committed by different people or when performed in different ways. Recurring 410 0$aEuropean seminar in historical methodology ;$v4. 410 0$aJournal for the study of the Old Testament.$pSupplement series ;$v363. 607 $aJerusalem$xHistory$ySiege, 701 B.C$vCongresses 676 $a933.02 676 $a933/.03 676 $a935.03 701 $aGrabbe$b Lester L$0447465 712 12$aEuropean Seminar on Methodology in Israel's History$d(4th :$f2000 :$eUtrecht, Netherlands) 801 0$bMiAaPQ 801 1$bMiAaPQ 801 2$bMiAaPQ 906 $aBOOK 912 $a9910782261503321 996 $a"Like a bird in a cage"$93680942 997 $aUNINA